00710nam a22002057a 450000500170000001000150001702000260003203500140005803700130007208200110008510000160009624500920011225000060020426000450021027000800025530000330033550000800036870000250044870000310047320240124143749.0 aENG-138990 a9789355322609c470.00 aEN-122522 bDBAD/PUB a30022 aPrakash, Om aCTET/TET:cBy Om Prakash; Umrao Singh and Sangeeta KaushikbSocial Studies an Pedagogy/ a2 aTamil NadubMcGraw Hill Education c2022 aAnjana Complex No. 5/90 A, Butt Road, St. Thomas MountbTamil Nadue600016 avarious pagings :c24cm(pbk) aSubject- Wise Comprehensive Series Based on the Latest Examination Pattern  aUmrao Singh eAuthor aKaushik, Sangeeta eAuthor